000 00405nam a2200181Ia 4500
001 23987
005 20260414151013.0
008 260414t2006||||xx |||||||||||||| ||spa||
041 _aESP
082 _a741.235
_bS56
100 _aSimmonds, Jackie
_eAUT
245 0 _aEl pastel
_b
260 _c2006
300 _a128 páginas :
_ccm.
650 _aABD
654 _aCAU
942 _cLIB
_dJUS
_fJUS
_2ddc
_n
999 _c23987
_d23987